Convergencia democrática: movimiento en marcha hacia el siglo XXI
Se analizan los problemas más trascendentes de la sociedad costarricense en los campos moral, económico, político y social, destacando la agudización de la crisis económica, así como la tendencia de nuestra economía hacia la desnacionalización, entregándose cada vez más a las empresas transnacionale...
Uloženo v:
| Korporativní autor: | |
|---|---|
| Médium: | Text |
| Vydáno: |
San José:
El Movimiento
|
| Témata: | |
| Tagy: |
Přidat tag
Žádné tagy, Buďte první, kdo vytvoří štítek k tomuto záznamu!
|
MARC
| LEADER | 00000 a a2200000 04500 | ||
|---|---|---|---|
| 001 | 12466 | ||
| 003 | |||
| 040 | |||
| 090 | |a EXTRAVIADO | ||
| 110 | |a Movimiento de Convergencia Democrática (Costa Rica) | ||
| 245 | |a Convergencia democrática: movimiento en marcha hacia el siglo XXI | ||
| 260 | |a San José: |b El Movimiento | ||
| 300 | |a 15 p. | ||
| 520 | |a Se analizan los problemas más trascendentes de la sociedad costarricense en los campos moral, económico, político y social, destacando la agudización de la crisis económica, así como la tendencia de nuestra economía hacia la desnacionalización, entregándose cada vez más a las empresas transnacionales. Tal actitud, provoca una seria decadencia de los valores culturales de nuestro país, incentivando aún más, el monopolio político y económico de los medios de comunicación e información nacionales y una preocupante decadencia moral de los costarricenses. Finalmente, se alude a la organización y funcionamiento de los partidos políticos tradicionales, cuyos ideales se ven frustados ante las pobres expectativas de progreso social, económico y político que les presenta la realida costarricense. OB/EL | ||
| 650 | |a PROBLEMAS SOCIALES | ||
| 650 | |a PROBLEMAS POLITICOS | ||
| 650 | |a RECESION ECONOMICA | ||
| 650 | |a DESNACIONALIZACION | ||
| 650 | |a EMPRESAS TRANSNACIONALES | ||
| 650 | |a DEMOCRACIA | ||
| 650 | |a MONOPOLIOS | ||
| 650 | |a MEDIOS DE COMUNICACION | ||
| 650 | |a PARTIDOS POLITICOS | ||
| 999 | |c 13375 |d 13375 | ||
